Biblioteca

Apology to women : (Registro nro. 66343)

Detalles MARC
000 -LÍDER
Campo fijo de descripción fija 01410cam a2200385 i 4500
001 - NÚMERO DE CONTROL
Campo de control 768714001
003 - IDENTIFICADOR DEL NÚMERO DE CONTROL
Campo de control CO-MdFUSB
005 - FECHA Y HORA DE LA ULTIMA TRANSACCIÓN
control field 20210528113830.0
007 - CAMPO FIJO DE DESCRIPCIÓN FIJA--INFORMACIÓN GENERAL
Campo fijo de descripción fija ta
008 - ELEMENTOS DE LONGITUD FIJA -- INFORMACIÓN GENERAL
Campo fijo de descripción fija -- Información general 971201t1991 enka 001 0 eng d
010 ## - NÚMERO DE CONTROL DE LA BIBLIOTECA DEL CONGRESO
Número de control LC gb 91002399
020 ## - NÚMERO INTERNACIONAL NORMALIZADO PARA LIBROS
Número Internacional Normalizado del libro 0851106943 (pbk) :
Términos de disponibilidad £5.95 : CIP confirmed
040 ## - FUENTE DE CATALOGACIÓN
Agencia de catalogación original UKM
Agencia que realiza la transcripción CO-MdFUSB
Agencia que realiza la modificación CAP
-- CO-MdFUSB
-- UtOrBLW
Idioma de catalogación spa
Convenciones de la descripción rda
041 ## - CÓDIGO DE IDIOMA
Código de idioma para texto/pista de sonido o título separado eng
082 ## - NÚMERO DE CLASIFICACIÓN DECIMAL DEWEY
Número de la edición del Dewey 23
Número de clasificación 220.92082
Clave de autor-Numero de item B877
090 ## - SIGNATURA TOPOGRÁFICA LOCAL
Número de clasificación local BV639.W7
100 1# - ASIENTO PRINCIPAL--NOMBRE PERSONAL
Nombre personal Brown, Ann,
Fechas asociadas con el nombre 1948-
Término relacionador autor
245 10 - TÍTULO
Título del Material Apology to women :
Parte restante del título - Subtitulo Christian images of the female sex
Mención de responsabilidad, etc. / Ann Brown.
264 #1 - PRODUCCIÓN, PUBLICACIÓN, DISTRIBUCIÓN, MANUFACTURA, Y COPYRIGHT
Lugar de producción, publicación, distribución, manufactura Leicester :
Nombre del productor, publicador, distribuidor Inter-Varsity,
Fecha de producción, publicación, distribución, manufactura, o copyright [1991]
264 #4 - PRODUCCIÓN, PUBLICACIÓN, DISTRIBUCIÓN, MANUFACTURA, Y COPYRIGHT
Fecha de producción, publicación, distribución, manufactura, o copyright © 1991
300 ## - DESCRIPCIÓN FÍSICA
Extensión 192 páginas :
Otros detalles físicos ilustraciones ;
Dimensiones 20 cm.
336 ## - TIPO DE CONTENIDO
Término de tipo de contenido texto
Código de tipo de contenido txt
Fuente rdacontent.
337 ## - TIPO DE MEDIO
Nombre del tipo de medio sin mediación
Código del tipo de medio n
Fuente rdamedia.
338 ## - TIPO DE SOPORTE
Nombre del tipo de soporte volumen
Código Tipo de soporte nc
Fuente rdacarrier.
505 ## - NOTA DE CONTENIDO
Nota de contenido con formato preestablecido ¿De quién es la historia? - ¿Dios es hombre? - María - ideal ambivalente - No a la imagen de Dios, costilla y todo eso - Puntos de puntuación de Génesis 3 - Perspectivas sobre el patriarcado - ¿Cuán revolucionario fue Jesús? - Interpretaciones competitivas de Pablo.
563 ## - NOTA DE ENCUADERNACIÓN
Nota de encuadernación Rústico
650 #7 - ASIENTO SECUNDARIO DE MATERIA - TERMINO TEMÁTICO
9 (RLIN) 327
Término temático o nombre geográfico como elemento de entrada Mujeres en la Biblia
650 #0 - ASIENTO SECUNDARIO DE MATERIA - TERMINO TEMÁTICO
9 (RLIN) 326
Término temático o nombre geográfico como elemento de entrada Mujeres
Subdivisión general Aspectos religiosos
-- Cristianismo
653 ## - TÉRMINO DE INDIZACIÓN - NO CONTROLADO
Término no controlado Mujeres en el cristianismo
942 ## - TIPO DE MATERIAL (KOHA)
Tipo de Item KOHA Libros General
945 ## - INFORMACIÓN LOCAL DEL REGISTRO
Catalogador JTF-925
Existencias
Estado de Material Estado de Perdido Forma de Clasificación Estado de Dañado No para Préstamo Colección Biblioteca de Origen Biblioteca Permanente Fecha de Adquisición Área Total de Préstamos Signatura Topográfica Código de Barras Última vez visto Ejemplar/Existencia Fecha de Remplazo Tipo de Material
    Dewey Decimal Classification     Colección General Biblioteca FUSBC Biblioteca FUSBC 27/06/2020 BIBLIA   G 220.92082 B877a 9333 27/06/2020 Ej.1 27/06/2020 Libros General

Biblioteca FUSBC | Teléfono: (57+4) 349 88 10 Ext. 141| WhatsApp (+57) 3005338115 
E-mail: biblioteca@unisbc.edu.co | Calle 76 87-14 Robledo Palenque, Medellín, Colombia

Con tecnología Koha